000
00296 a2200121 4500
005
20250607094506.0
082
_a
REF 320.03 VOL
245
_a
A Dictionary of Political Economy.
260
_a
Moscow,
_b
Progress,
_c
1985.
300
_a
397p.: ill.;
_c
20cm
700
_a
VOLKOV, M. I.
942
_2
ddc
_c
BKS
999
_c
3401
_d
3401